000 00524nam a22001937a 4500
003 LK-CoMWRAF
005 20260402144140.0
008 230910b1999 |||||||| |||| 00| 0 eng d
020 _a95556250042
040 _aLK-CoMWRAF
_dLK-CoMWRAF
_eLK-CoMWRAF
041 _aeng
082 _a305.48
_bENG
100 _aEngineer, Asghar Ali
245 _aEquity, Social Justice and Muslim Women
260 _aColombo :
_bMuslim Women's Research and Action Forum,
_c1999
300 _a26p ; 22cm
650 _a Muslims
942 _cBK
999 _c3533
_d3533